El desbordamiento del malestar /

Wedi'i Gadw mewn:
Manylion Llyfryddiaeth
Prif Awdur: González Ortega, Alfonso
Awduron Eraill: Solís Avendaño, Manuel
Fformat: Texto
Pynciau:
Tagiau: Ychwanegu Tag
Dim Tagiau, Byddwch y cyntaf i dagio'r cofnod hwn!

MARC

LEADER 00000 a a2200000 04500
001 45886
003
040
020 |a 9977-67-979-X  
090 |a 02.04.02   |b G643e  
100 |a González Ortega, Alfonso  
245 |a El desbordamiento del malestar /  |c Alfonso González Ortega; Manuel Solís Avendaño  
650 |a CULTURA POLITICA  
650 |a ELECCIONES  
650 |a PRIVATIZACION  
700 |a Solís Avendaño, Manuel  
773 |g páginas 395-453  
999 |c 25414  |d 25414